Biodiversity Law in India: (Record no. 1269279)

MARC details
000 -LEADER
fixed length control field 00810nam a22002537a 4500
005 - DATE AND TIME OF LATEST TRANSACTION
control field 20250326114819.0
008 - FIXED-LENGTH DATA ELEMENTS--GENERAL INFORMATION
fixed length control field 250326b |||||||| |||| 00| 0 eng d
020 ## - INTERNATIONAL STANDARD BOOK NUMBER
International Standard Book Number 9789395696081
037 ## - SOURCE OF ACQUISITION
Terms of availability REF
040 ## - CATALOGING SOURCE
Original cataloging agency LCT
Transcribing agency LCT
041 ## - LANGUAGE CODE
Source of code eng
Language code of text/sound track or separate title eng
084 ## - COLON CLASSIFICATION NUMBER
Classification number Z44:(G:5) R3
100 ## - MAIN ENTRY--PERSONAL NAME
Personal name Bohra, Saroj (Sharma)
9 (RLIN) 747595
245 ## - TITLE STATEMENT
Title Biodiversity Law in India:
Remainder of title Issues, Policies and Prospects/
260 ## - PUBLICATION, DISTRIBUTION, ETC.
Place of publication, distribution, etc. Banglore, India:
Name of publisher, distributor, etc. Thomson Reuters,
Date of publication, distribution, etc. 2023
300 ## - PHYSICAL DESCRIPTION
Extent xx, 218p.
650 ## - SUBJECT ADDED ENTRY--TOPICAL TERM
Topical term or geographic name entry element Natural resources
650 ## - SUBJECT ADDED ENTRY--TOPICAL TERM
Topical term or geographic name entry element Biodiversity Law in India
9 (RLIN) 747596
650 ## - SUBJECT ADDED ENTRY--TOPICAL TERM
Topical term or geographic name entry element biodiversity
650 ## - SUBJECT ADDED ENTRY--TOPICAL TERM
Topical term or geographic name entry element Biotechnology
650 ## - SUBJECT ADDED ENTRY--TOPICAL TERM
Topical term or geographic name entry element Intellectual property
9 (RLIN) 583124
700 ## - ADDED ENTRY--PERSONAL NAME
Personal name Bohra, Saroj (Sharma)
Relator term editor.
9 (RLIN) 747595
942 ## - ADDED ENTRY ELEMENTS (KOHA)
Source of classification or shelving scheme Colon Classification (CC)
Koha item type Reference
Classification part Z44:(G:5) R3
Suppress in OPAC No
Holdings
Withdrawn status Lost status Source of classification or shelving scheme Damaged status Not for loan Collection Home library Current library Shelving location Date acquired Source of acquisition Cost, normal purchase price Inventory number Total Checkouts Full call number Barcode Date last seen Price effective from Koha item type
    Colon Classification (CC)   Not For Loan Reference Law Centre-II Library Law Centre-II Library Reference 2025-03-26 Satyam 800.00 1351/06.01.2025   Z44:(G:5) R3 LT0028903 2025-03-26 2025-03-26 Reference
Copyright @ Delhi University Library System